UNESCO World Heritage Sites of Germany by image - Statistics

General Stats
  • This quiz has been taken 27 times
  • The average score is 23 of 55
Answer Stats
Picture Answer % Correct
Bauhaus and its Sites in Weimar, Dessau and Bernau
89%
Museumsinsel (Museum Island), Berlin
84%
Speicherstadt and Kontorhaus District with Chilehaus
84%
The Palaces of King Ludwig II of Bavaria: Neuschwanstein, Linderhof, Schachen and Herrenchiemsee
79%
Roman Monuments, Cathedral of St Peter and Church of Our Lady in Trier
74%
Cologne Cathedral
63%
Palaces and Parks of Potsdam and Berlin
63%
Zollverein Coal Mine Industrial Complex in Essen
63%
Ancient and Primeval Beech Forests of the Carpathians and Other Regions of Europe
58%
Hanseatic City of Lübeck
58%
Margravial Opera House Bayreuth
58%
Upper Middle Rhine Valley
53%
Aachen Cathedral
47%
Bergpark Wilhelmshöhe
47%
Pilgrimage Church of Wies
47%
ShUM Sites of Speyer, Worms and Mainz
47%
Town Hall and Roland on the Marketplace of Bremen
47%
Völklingen Ironworks
47%
Messel Pit Fossil Site
42%
Muskauer Park / Park Mużakowski
42%
Old Town of Regensburg with Stadtamhof
42%
Prehistoric Pile dwellings around the Alps
42%
Residence Ensemble Schwerin – Cultural Landscape of Romantic Historicism
42%
Speyer Cathedral
42%
Town of Bamberg
42%
Wurzburg Residence with the Court Gardens and Residence Square
42%
Abbey and Altenmünster of Lorsch
37%
Carolingian Westwork and Civitas Corvey
37%
Collegiate Church, Castle, and Old Town of Quedlinburg
37%
Fagus Factory in Alfeld
37%
The Architectural Work of Le Corbusier, an Outstanding Contribution to the Modern Movement
37%
Wartburg Castle
37%
Water Management System of Augsburg
37%
Berlin Modernism Housing Estates
32%
Frontiers of the Roman Empire
32%
Frontiers of the Roman Empire – The Danube Limes (Western Segment)
32%
Garden Kingdom of Dessau-Wörlitz
32%
Historic Centres of Stralsund and Wismar
32%
Mathildenhöhe Darmstadt
32%
Monastic Island of Reichenau
32%
Naumburg Cathedral
32%
Wadden Sea
32%
Castles of Augustusburg and Falkenlust at Brühl
26%
Classical Weimar
26%
Erzgebirge/Krušnohoří Mining Region
26%
Jewish-Medieval Heritage of Erfurt
26%
Luther Memorials in Eisleben and Wittenberg
26%
St Mary's Cathedral and St Michael's Church at Hildesheim
26%
Archaeological Border complex of Hedeby and the Danevirke
21%
Caves and Ice Age Art in the Swabian Jura
21%
Frontiers of the Roman Empire – The Lower German Limes
21%
Mines of Rammelsberg, Historic Town of Goslar and Upper Harz Water Management System
21%
Moravian Church Settlements
21%
Maulbronn Monastery Complex
16%
The Great Spa Towns of Europe
16%
No matching quizzes found
Score Distribution
Percent of People with Each Score
Percentile by Number Answered
Your Score History
You have not taken this quiz